[Event "Morava Region-chTA"]
[Site "Czech Republic"]
[Date "2024.12.01"]
[Round "4.2"]
[White "Kovalcik, Adam"]
[Black "Janecek, Miroslav1"]
[Result "1-0"]
[WhiteElo "1942"]
[BlackElo "1933"]
[PlyCount "57"]
[EventDate "2024.10.13"]
[EventType "team-tourn"]
[EventRounds "11"]
[EventCountry "CZE"]
[SourceTitle "CB16_2025"]
[SourceDate "2025.04.16"]
[SourceVersion "1"]
[SourceVersionDate "2025.04.16"]
[SourceQuality "1"]
[WhiteTeam "Opava Orel"]
[BlackTeam "Opava Slezan III"]
[WhiteTeamCountry "CZE"]
[BlackTeamCountry "CZE"]

1. e4 c5 2. Nf3 g6 3. d4 cxd4 4. Nxd4 Bg7 5. Nc3 Nc6 6. Be3 Nf6 7. Nxc6 bxc6 8. e5 Ng8 9. f4 Nh6 10. Qd2 0-0 11. 0-0-0 d5 12. h3 Qa5 13. g4 f5 14. g5 Nf7 15. Qf2 Be6 16. a3 Rfb8 17. Nb1 Nd6 18. b4 Rxb4 19. axb4 Qxb4 20. c3 Qa5 21. exd6 Rb8 22. Bd4 Qa1 23. Bd3 Bxd4 24. cxd4 exd6 25. Rhe1 Bf7 26. Re2 Qa5 27. Rb2 Re8 28. Qd2 Qa4 29. Qb4 1-0

[Event "Morava Region-chTA"]
[Site "Czech Republic"]
[Date "2024.11.17"]
[Round "3.2"]
[White "Cech, Petr"]
[Black "Kovalcik, Adam"]
[Result "1/2-1/2"]
[WhiteElo "1795"]
[BlackElo "1942"]
[PlyCount "80"]
[EventDate "2024.10.13"]
[EventType "team-tourn"]
[EventRounds "11"]
[EventCountry "CZE"]
[SourceTitle "CB16_2025"]
[SourceDate "2025.04.16"]
[SourceVersion "1"]
[SourceVersionDate "2025.04.16"]
[SourceQuality "1"]
[WhiteTeam "Krnov II"]
[BlackTeam "Opava Orel"]
[WhiteTeamCountry "CZE"]
[BlackTeamCountry "CZE"]

1. d4 Nf6 2. Bf4 c5 3. e3 Nd5 4. Bg3 Qb6 5. Nc3 Nxc3 6. bxc3 Qa5 7. Qd2 d6 8. Nf3 g6 9. Bd3 Bg7 10. 0-0 0-0 11. Bf4 Nc6 12. Be4 Rd8 13. Bxc6 bxc6 14. e4 Bg4 15. Qe3 Bxf3 16. gxf3 cxd4 17. cxd4 c5 18. c3 Rdc8 19. e5 cxd4 20. cxd4 dxe5 21. Bxe5 Bxe5 22. dxe5 Rc3 23. Qe4 Rac8 24. Rfd1 Qa3 25. Kg2 Rc2 26. Rd8+ Rxd8 27. Qxc2 Qa5 28. Qe4 Qd2 29. Qe3 Qxe3 30. fxe3 Rd2+ 31. Kg3 Rd3 32. e4 Ra3 33. h4 h5 34. Kf4 e6 35. Kg3 Kf8 36. Kf4 Kg7 37. Kg3 Kf8 38. Kf4 Ke7 39. Kg3 Kd7 40. Rd1+ Ke7 1/2-1/2

[Event "Jesenik op-B"]
[Site "Jesenik"]
[Date "2024.08.23"]
[Round "7"]
[White "Knapek, Jan"]
[Black "Kovalcik, Adam"]
[Result "0-1"]
[WhiteElo "1634"]
[BlackElo "1879"]
[PlyCount "47"]
[EventDate "2024.08.17"]
[EventType "swiss"]
[EventRounds "9"]
[EventCountry "CZE"]
[SourceTitle "EXT 2025"]
[Source "ChessBase"]
[SourceDate "2024.10.14"]
[SourceVersion "1"]
[SourceVersionDate "2024.10.14"]
[SourceQuality "1"]

1. e4 c5 2. Nf3 e6 3. d4 cxd4 4. Nxd4 Nc6 5. Nc3 Qc7 6. Nxc6 bxc6 7. Bd3 Nf6 8. Bg5 Be7 9. Qd2 h6 10. Be3 e5 11. h3 d6 12. f3 Be6 13. g4 Rb8 14. Rb1 Qa5 15. h4 d5 16. exd5 cxd5 17. Ne2 Qxa2 18. c3 e4 19. Bc2 exf3 20. Nd4 Bxg4 21. Nc6 Rb7 22. Nb4 Bxb4 23. cxb4 Qc4 24. Rh2 0-1

[Event "Bohumin op-B 6th"]
[Site "Bohumin"]
[Date "2023.07.07"]
[Round "7"]
[White "Kovalcik, Adam"]
[Black "Plesnik, Vladimir"]
[Result "1-0"]
[WhiteElo "1710"]
[BlackElo "1445"]
[PlyCount "39"]
[EventDate "2023.07.01"]
[EventType "swiss"]
[EventRounds "9"]
[EventCountry "CZE"]
[SourceTitle "EXT 2024"]
[Source "ChessBase"]
[SourceDate "2023.10.10"]
[SourceVersion "1"]
[SourceVersionDate "2023.10.10"]
[SourceQuality "1"]

1. e4 e6 2. d4 d5 3. Bd3 dxe4 4. Bxe4 Nf6 5. Bf3 Bd6 6. Ne2 0-0 7. 0-0 Nbd7 8. Nbc3 e5 9. Be3 Re8 10. Ng3 c5 11. Nce4 Nxe4 12. Nxe4 Be7 13. dxc5 f5 14. Nd6 Bxd6 15. Qxd6 e4 16. Bh5 g6 17. Bxg6 hxg6 18. Qxg6+ Kf8 19. Bh6+ Ke7 20. Bg5+ 1-0